000 00330nam a2200133Ia 4500
008 221030s9999 xx 000 0 und d
041 _aEnglish
082 _a105.23
100 _aA. N. Kapoor
245 2 _aA Guide to Business Correspondence & Communication Skills
_cby A. N. Kapoor
260 _c0
650 _aB
942 _cBK
999 _c13387
_d13387